Geofyzika
Salvato in:
| Autori principali: | , |
|---|---|
| Natura: | Libro |
| Lingua: | slovacco |
| Pubblicazione: |
Bratislava :
SVŠT v Bratislave,
1976
|
| Tags: |
Nessun Tag, puoi essere il primo ad aggiungerne!!
|
MARC
| LEADER | 00000nam a22000003a 4500 | ||
|---|---|---|---|
| 001 | stu83018 | ||
| 005 | 20180514065843.4 | ||
| 008 | 040108s1976----cs------------------slo-d | ||
| 040 | |a STU |b slo | ||
| 041 | 0 | |a slo | |
| 044 | |a cs | ||
| 080 | |a 550.3(075.8) | ||
| 100 | 1 | |a Šovan, Martin |4 aut | |
| 245 | 1 | |a Geofyzika | |
| 260 | |a Bratislava : |b SVŠT v Bratislave, |c 1976 | ||
| 300 | |a 307 s.;schémy | ||
| 700 | 1 | |a Kubáčková, Ludmila |4 aut | |
| 996 | |b 284V014874 |c V*2237/S-77 |l VVS |s A |a 24 |w stu83018_0001 | ||
| 996 | |b 284V016192 |c V*2236/S-77 |l VVS |s A |a 24 |w stu83018_0002 | ||
| 996 | |b 284V024696 |c V* 43696/S-18 |l VVS |s A |a 24 |w stu83018_0003 | ||